Atlas Universal de Geografía moderna para uso de los niños.

Gespeichert in:
Bibliographische Detailangaben
1. Verfasser: Reinoso, José. Autor
Format: keine Angabe
Sprache:Spanisch
Erschienen: Madrid Hernando 1877
Katalog:MANES:  Suchergebnis im Bibliothekskatalog
Schulbuchspezifische Eigenschaften:
Tags: Tag hinzufügen
Keine Tags, Fügen Sie den ersten Tag hinzu!
Hinzugefügt zu:26.04.2016
Geändert in:07.05.2025

MARC

LEADER 000000000a22000000004500
001 11633
003 OSt
005 20250507134326.0
008 160427s sp ||||| |||| 00| 0 spa d
040 |c centro_manes 
041 1 |a spa 
561 |5 es-BUNED  |3 LT 0754  |a España. Fondo Manes UNED  |k MANES 
691 0 |a SE 
100 1 |a Reinoso, José. Autor  |9 6770 
245 0 0 |a Atlas Universal de Geografía moderna para uso de los niños. 
260 3 |a Madrid  |b Hernando  |c 1877 
300 |a 16 p.  |c 13 x 19,2 cm 
690 0 |a GEO 
942 |2 ddc  |c BK 
546 |a España 
999 |c 17607  |d 17607 
999 |c manes:17607  |d 17607